Казначейские ордера на записку в расход сумм по французской труппе, с 15 января по 31 декабря 1798 года

Доступно только в Электронных читальных залах Найти на картеНа карте
RUSMARC
00005357nmc2a22000003x 450
0019de88b68-1701-4760-8473-063b17648a1f
00520190809145222.0
100##$a20161025l17981798k l0rusy0189 ca
1010#$arus
102##$aRU
2001#$aКазначейские ордера на записку в расход сумм по французской труппе, с 15 января по 31 декабря 1798 года
$j15 января - 31 декабря 1798 г.
$e(документы расходные по французской труппе)
251##$cДело
300##$aДело
801#0$aRU
$bРГИА
$c20161025
$gRCR
801#1$aRU
$bГлавНИВЦ
$c20161025
$2rusmarc
801#2$aRU
$bПБ им. Б.Н. Ельцина
$c20180928
$gRCR
$2rusmarc
850##$aРГИА
852##$aРГИА
$eФедеральное казенное учреждение "Российский государственный исторический архив" (РГИА)
$j20
937##$hРГИА
$d12233838
$aASBIBLIO_SCAN
462#0$1001dd3991dc-24e1-42ec-8838-ca4255420416
$12001
$a1746-1850 гг.
$1251
$cОпись
$1852
$j1
461#0$10019264ebf8-de62-4f1a-9eb4-9f22098dbbd5
$12001
$aДирекция императорских театров МИДв
$1251
$cФонд
$1852
$j497
215##$a23 л.
$d36,5х26 см
371##$aДокумент не является опубликованным и широко распространяемым
105##$ay###
1222#$ad
035##$a9de88b68-1701-4760-8473-063b17648a1f
856##$uhttp://readingroom.main.prlib.ru/item.aspx?id_node=n118692301&mode=full
6061#$2nlr_sh1
$3RU\NLR\AUTH\661073460
$aТеатральные работники
$xОплата труда
$jДокументы и материалы
6061#$aАктеры
$2prlib_sh
$3LIBNET\UAF\0000080842
$yРоссия
$jДокументы и материалы
60101$2prlib_sh
$3LIBNET\UAF\0000080151
$aРоссия
$bДирекция императорских театров
$xДеятельность
$jДокументы и материалы
686##$2rubbk
$a85.33
$vLBC/M
686##$a63.3(2)513-7
$vLBC/M
$2rubbk
605##$2acquisition_Prlib
$3LIBNET\UAF\0000080478
$aГод театра в России
$lколлекция
605##$2acquisition_Prlib
$3DITM\AF\0000004166
$aРоссия в лицах
$lколлекция
Формат отображения